[Event "Campeonato de Chile 2009"]
[Site "Estadio Español"]
[Date "2009-02-16"]
[Round "5"]
[White "García Cardenas, Pablo"]
[Black "López Silva, Hugo Andres"]
[Result "0-1"]
[WhiteElo "2194"]
[BlackElo "2376"]

 1.Nf3 c5 2.c4 Nf6 3.Nc3 d5 4.cxd5 Nxd5 5.g3 g6 6.Bg2 Bg7 7.Qa4+ Nc6 8.Ne5 Bxe5 9.Bxd5 Bd7 10.Qc4 e6 11.Bg2 b6 12.O-O O-O 13.Rd1 Bg7 14.e3 Rc8 15.b3 Ne5 16.Qe2 Qc7 17.Bb2 c4 18.Ba3 Rfd8 19.Ne4 Bc6 20.bxc4 Qb7 21.d4 Bxe4 22.Bxe4 Qxe4 23.dxe5 Bxe5 24.Rxd8+ Rxd8 25.Rc1 h5 26.h4 Rd3 27.Bb2 Bxg3 28.fxg3 Rxe3 29.Qf2 Re2 30.Rd1 e5 31.Bxe5 Qxe5 32.Qf3 Re3

[Event "Campeonato de Chile 2009"]
[Site "Estadio Español"]
[Date "2009-02-17"]
[Round "6"]
[White "Arancibia Guzman, Eduardo"]
[Black "López Silva, Hugo Andres"]
[Result "1/2-1/2"]
[WhiteElo "2389"]
[BlackElo "2376"]

 1.c4 c5 2.Nc3 g6 3.g3 Bg7 4.Bg2 Nc6 5.a3 a6 6.Rb1 Rb8 7.b4 cxb4 8.axb4 b5 9.cxb5 axb5 10.Nf3 d5 11.O-O e5 12.e4 dxe4 13.Nxe4 Nge7 14.d3 O-O 15.Be3 Nf5 16.Bc5 Re8 17.Ra1 Be6 18.Ra6 Ncd4 19.Nxd4 Nxd4 20.Rd6 Qc7 21.Bxd4 exd4 22.Rc6 Qe7 23.Nc5 Bc8 24.Qb3 Bb7 25.Nxb7 Rxb7 26.Rc5 Rb6 27.Rfc1 Re6 28.Bd5 Re1+ 29.Kg2 Rxc1 30.Rxc1 Bf8 31.h4 Kg7 32.h5 Rd8 33.Rc6 Qxb4 34.Bxf7 Qxb3 35.Bxb3 gxh5 36.Rc7+ Kh6 37.Rb7 b4 38.Bg8 Bd6 39.Rb6 Kg6 40.Bc4 Kf6 41.Kh3 Ke7 42.Kh4 Rb8 43.Rxb8 Bxb8 44.Kxh5 Kf6 45.Kg4 Bd6 46.Bb3 Kg6 47.Ba4 h5+ 48.Kf3 h4 49.gxh4 Kh5 50.Ke4 Kxh4 51.Kxd4 Kg4 52.Ke4 Kg5 53.Kd5 Bh2 54.Bd1 Bg1 55.f3 Kf4 56.Kc4 Ke5

[Event "Campeonato de Chile 2009"]
[Site "Estadio Español"]
[Date "2009-02-17"]
[Round "6"]
[White "Zapata Ferrada, Marco Eduardo"]
[Black "García Cardenas, Pablo"]
[Result "1/2-1/2"]
[WhiteElo "2375"]
[BlackElo "2194"]

 1.d4 Nf6 2.c4 e6 3.Nc3 d5 4.cxd5 exd5 5.Bg5 Be7 6.e3 O-O 7.Qc2 Nbd7 8.Bd3 Re8 9.Nge2 Nf8 10.O-O g6 11.f3 c6 12.Nf4 Nh5 13.Bh6 Bg5 14.Bxg5 Qxg5 15.Nxh5 Qxe3+ 16.Qf2 gxh5 17.Rfe1 Qxf2+ 18.Kxf2 Bd7 19.Ne2 Ng6 20.f4 Kg7 21.f5 Nh4 22.Nf4 Kh6 23.f6 Ng6 24.Bxg6 hxg6 25.Nd3 Bf5 26.Ne5 Rf8 27.h4 g5 28.g3 Rad8 29.Ke3 Rd6 30.Rf1 Bg6 31.g4 gxh4 32.Rf4 Be4 33.Rg1 h3 34.g5+ Kh7 35.Rh4 Bg6 36.Rh1 Re8 37.R1xh3 c5 38.Rxh5+ Bxh5 39.Rxh5+ Kg8 40.Kf4 cxd4 41.Kf5 Rxe5+ 42.Kxe5 Re6+ 43.Kxd4 Re2 44.Kc3 d4+ 45.Kxd4 Rxb2 46.a3 Rb3 47.Kc5 Rxa3 48.Kd6 Rd3+ 49.Kc5 Rc3+ 50.Kb4 Rf3 51.Ka5 Rf5+ 52.Ka4 a5 53.Kb3 b5 54.Kc3 Rf3+ 55.Kd4 Rf5 56.Ke4 Rc5 57.Kd4 Rc4+ 58.Kd3 Rb4 59.Kc3 Rg4 60.g6 b4+ 61.Kb3 Rg3+ 62.Kc4 fxg6 63.Rxa5 b3 64.Ra7 b2 65.Rg7+ Kf8 66.Rb7 Rg2 67.Kd3 g5 68.Ke3 g4 69.Kf4

[Event "Campeonato de Chile 2009"]
[Site "Estadio Español"]
[Date "2009-02-17"]
[Round "6"]
[White "Farfán Ortiz, Enrique Alfredo"]
[Black "Mesias Rojas, Rabindranath"]
[Result "1-0"]
[WhiteElo "2242"]
[BlackElo "2269"]

 1.d4 Nf6 2.c4 c5 3.Nf3 cxd4 4.Nxd4 Nc6 5.Nc3 g6 6.g3 Bg7 7.Bg2 O-O 8.O-O a6 9.Rb1 Qc7 10.Be3 d6 11.Nd5 Nxd5 12.cxd5 Nxd4 13.Bxd4 Bxd4 14.Qxd4 Qa5 15.a3 Bd7 16.Qe3 Rfe8 17.Rbc1 Rac8 18.h4 Qb5 19.b4 a5 20.bxa5 Qxa5 21.Bf3 Rc5 22.h5 Bf5 23.h6 Qc7 24.g4 Bc8 25.Qd2 f6 26.Rfd1 b6 27.Qb2 Bd7 28.Rxc5 bxc5 29.Rb1 Qc8 30.g5 Rf8 31.gxf6 Rxf6 32.Qb8 Rf8 33.Qa7 c4 34.Qd4 Rf6 35.Rb4 Qa6 36.Rxc4 Qxa3 37.Rc7 Bf5 38.Kg2 Kf7 39.Qb6 g5 40.Bh5+ Bg6 41.Bxg6+ Kxg6 42.Qb1+ Kh5 43.Rxe7 g4 44.Qh1+ Kg5 45.Rg7+ Rg6 46.Rxh7 Qa2 47.Qc1+ Kh5 48.Qh1+ Kg5 49.Qc1+ Kh5 50.Qd1 Qc4 51.Rf7 Qe4+ 52.Kg3 Rxh6 53.Rf4 Qe5 54.e3 Kg6 55.Qxg4+ Kh7 56.Qf5+ Rg6+ 57.Kf3 Qg7 58.Rg4

[Event "Campeonato de Chile 2009"]
[Site "Estadio Español"]
[Date "2009-02-17"]
[Round "6"]
[White "Rios Escobar, Adan Humberto"]
[Black "Llorens Sepulveda, Marcelo"]
[Result "1-0"]
[WhiteElo "2280"]
[BlackElo "2353"]

 1.e4 c5 2.Nf3 Nc6 3.d4 cxd4 4.Nxd4 Nf6 5.Nc3 d6 6.Bg5 Bd7 7.Qd2 Rc8 8.Nb3 h6 9.Bh4 g5 10.Bg3 Nh5 11.Be2 Nxg3 12.hxg3 Bg7 13.f4 g4 14.Rh5 Qb6 15.O-O-O Nb4 16.Kb1 a5 17.Rxa5 O-O 18.a3 Rxc3 19.bxc3 Nc6 20.Rb5 Qa7 21.Kb2 Ra8 22.a4 b6 23.Qe3 Rc8 24.e5 Be6 25.a5 Bxb3 26.cxb3 dxe5 27.fxe5 Nxa5 28.Qxb6 Qxb6 29.Rxb6 Bxe5 30.Rd3 f6 31.Bxg4 Rc7 32.Be6+ Kg7 33.Bd5 e6 34.Rxe6 Nb7 35.Bxb7 Rxb7 36.Re3 Rb5 37.Kc2 Kf7 38.Ra6 h5 39.b4 Rb8 40.Ra7+ Ke6 41.Rh7 Ra8 42.Kb2 Rd8 43.Kc2 Ra8 44.Kb3 Rd8 45.b5 Rd1 46.Rxh5 Kd5 47.Kc2 Ra1 48.Rh4 Ra2+ 49.Kb3 Rxg2 50.Rb4 Rh2 51.b6 Rh8 52.b7 Rb8 53.g4 Bd6 54.Rd3+ Kc6 55.Rxd6+ Kxd6 56.Ka4 Kc7 57.Ka5 Re8 58.b8=Q+

[Event "Campeonato de Chile 2009"]
[Site "Estadio Español"]
[Date "2009-02-17"]
[Round "6"]
[White "Elias Valenzuela, Arturo"]
[Black "Silva Sanchez, Carlos"]
[Result "1/2-1/2"]
[WhiteElo "2112"]
[BlackElo "2388"]

 1.d4 Nf6 2.c4 c5 3.Nf3 cxd4 4.Nxd4 Nc6 5.Nc3 Qb6 6.e3 g6 7.Be2 Bg7 8.O-O O-O 9.b3 d6 10.Bb2 Bd7 11.Nxc6 bxc6 12.Bf3 Rad8 13.Qe2 Qa6 14.Ne4 Nxe4 15.Bxg7 Kxg7 16.Bxe4 f6 17.Qb2 Rb8 18.Rac1 Be6 19.Qc2 c5 20.Bd5 Bxd5 21.cxd5 Rb4 22.Rfe1 Rfb8 23.Qe2 Qxe2 24.Rxe2 a5 25.g3 f5 26.Rce1 a4 27.bxa4 Rxa4 28.e4 fxe4 29.Rxe4 Rxe4 30.Rxe4 Rb1+ 31.Kg2 Kf6 32.a4 Rd1 33.Re2 Rxd5 34.a5 c4 35.Ra2 Rc5 36.a6 Rc8 37.Kf3 Ke5 38.Ke3 Ra8 39.a7 Kd5 40.Ra5+ Kc6 41.Kd4 Kb6 42.Ra4 Rxa7 43.Rxc4 e6 44.Rc8 Ra4+ 45.Ke3 e5 46.Rh8 Ra7 47.Rc8 Rc7 48.Rd8 Kc6 49.Ke4 Rf7 50.f3 Rg7 51.Rc8+ Kd7 52.Rh8 Ke6 53.Re8+ Re7 54.Rd8 h5 55.h4 Ra7 56.Re8+ Kf7 57.Rd8 Ke7 58.Rg8 Ra4+ 59.Ke3 Kf6 60.Rf8+ Kg7 61.Rd8 Rd4 62.f4 Rd5 63.Ke4 Rd1 64.Rd7+ Kh6 65.fxe5 Re1+ 66.Kf3 dxe5 67.Re7

[Event "Campeonato de Chile 2009"]
[Site "Estadio Español"]
[Date "2009-02-17"]
[Round "6"]
[White "Cuevas Araya, Walter"]
[Black "Alarcon Bahamondes, Roberto"]
[Result "1-0"]
[WhiteElo "2182"]
[BlackElo "2116"]

 1.e4 Nf6 2.e5 Nd5 3.d4 d6 4.Nf3 Bg4 5.Be2 Nc6 6.O-O Bxf3 7.Bxf3 dxe5 8.dxe5 e6 9.c4 Nde7 10.Qb3 Nxe5 11.Qb5+ N5c6 12.Bxc6+ Nxc6 13.Qxb7 Nd4 14.Be3 c5 15.Bxd4 cxd4 16.Qc6+ Ke7 17.Qb7+ Kf6 18.Qf3+ Ke7 19.Qb7+ Kf6 20.Qf3+ Ke7 21.Nd2 Rb8 22.Qa3+ Kf6 23.Ne4+ Kg6 24.Qg3+ Kh6 25.Ng5 Qxg5 26.Qxb8 Qc5 27.Rad1 g5 28.h4 Bg7 29.hxg5+ Kg6 30.Qf4 Qxg5 31.Qe4+ Qf5 32.Rfe1 Qxe4 33.Rxe4 e5 34.Rg4+ Kh6 35.Rd3

[Event "Campeonato de Chile 2009"]
[Site "Estadio Español"]
[Date "2009-02-18"]
[Round "7"]
[White "Alarcon Bahamondes, Roberto"]
[Black "Arancibia Guzman, Eduardo"]
[Result "1-0"]
[WhiteElo "2116"]
[BlackElo "2389"]

 1.e4 Nf6 2.Nc3 d5 3.e5 Nfd7 4.d4 e6 5.f4 c5 6.Nf3 Nc6 7.Be3 a6 8.Qd2 b5 9.Ne2 b4 10.g3 a5 11.Bg2 Ba6 12.Kf2 a4 13.dxc5 Bxe2 14.Kxe2 Bxc5 15.Bxc5 Nxc5 16.Nd4 Nxd4+ 17.Qxd4 Qa5 18.c4 bxc3 19.bxc3 Rc8 20.Rac1 Nd7 21.Qb4 Qa6+ 22.Kd2 Rb8 23.Bf1 Qc6 24.Qa3 Nc5 25.Bg2 Qc7 26.c4 Qa5+ 27.Qc3 Qa7 28.cxd5 Rc8 29.Qe3 Qa5+ 30.Ke2 exd5 31.Bxd5 O-O 32.Rhd1 g6 33.Kf3 Ne6 34.Bxe6 fxe6 35.Rd6 Qa8+ 36.Kf2 Rxc1 37.Qxc1 Rc8 38.Qd2 Qa7+ 39.Kg2 Qb7+ 40.Kh3 Qe7 41.Rd7 Qf8 42.Qd3 Rb8 43.Rc7 Qh6+ 44.Kg2 Qh5 45.Rc2 Qg4 46.Qd7 Rf8 47.h3 Qf5 48.Rc7 Qe4+ 49.Kf2 Rxf4+ 50.gxf4 Qxf4+ 51.Ke2 Qxe5+ 52.Kd3 Qf5+ 53.Kc4 Qc2+ 54.Kb5 Qb2+ 55.Ka6 Qe2+ 56.Kb7 Qe4+ 57.Kb8

[Event "Campeonato de Chile 2009"]
[Site "Estadio Español"]
[Date "2009-02-18"]
[Round "7"]
[White "Silva Sanchez, Carlos"]
[Black "Cuevas Araya, Walter"]
[Result "1/2-1/2"]
[WhiteElo "2388"]
[BlackElo "2182"]

 1.d4 Nf6 2.Nf3 g6 3.c4 d5 4.cxd5 Nxd5 5.g3 Bg7 6.Bg2 O-O 7.O-O Na6 8.e4 Nb6 9.h3 c5 10.d5 f5 11.Nc3 fxe4 12.Ng5 Bxc3 13.bxc3 Qxd5 14.Qe1 Nc7 15.Nxe4 Qc4 16.Qe3 Nbd5 17.Qxc5 Qxc5 18.Nxc5 Nxc3 19.Bh6 Rf5 20.Nxb7 Bxb7 21.Bxb7 Rb8 22.Bg2 Rb2 23.Be3 a6 24.a3 N7d5 25.Bxd5+ Rxd5 26.Kg2 Kf7 27.Rfc1 Rd3 28.Bd4 Rb3 29.Bxc3 Rdxc3 30.a4 Rxc1 31.Rxc1 Rb4 32.a5 Rb5 33.Ra1 e5 34.f4 Ke6 35.Kf3 Kd6 36.Rd1+ Rd5 37.fxe5+ Kxe5 38.Ra1 Kd4 39.Kf4 Rf5+ 40.Kg4 Kc4 41.Kh4 Rh5+ 42.Kg4 Kb4 43.Rb1+ Kxa5 44.Rb7 Ka4 45.h4 a5 46.Kh3 Rh6 47.Rb6 Ka3 48.g4 a4 49.Kg3 Ka2 50.Kh3 a3 51.Kg3 Ka1 52.Kh3

[Event "Campeonato de Chile 2009"]
[Site "Estadio Español"]
[Date "2009-02-18"]
[Round "7"]
[White "Llorens Sepulveda, Marcelo"]
[Black "Elias Valenzuela, Arturo"]
[Result "1/2-1/2"]
[WhiteElo "2353"]
[BlackElo "2112"]

 1.e4 Nf6 2.e5 Nd5 3.Nc3 Nxc3 4.bxc3 d5 5.exd6 cxd6 6.g3 g6 7.Bg2 Bg7 8.Ne2 O-O 9.O-O Qc7 10.Rb1 Nc6 11.c4 b6 12.d3 Bb7 13.Bb2 Bxb2 14.Rxb2 Ne5 15.f3 Rfd8 16.Nc3 Qc5+ 17.Kh1 Qd4 18.Rb3 Nc6 19.f4 Na5 20.Bxb7 Nxb7 21.Nb5 Qc5 22.f5 Na5 23.Rb1 Qc6+ 24.Kg1 Qc5+ 25.Kg2 Qc6+ 26.Kh3 d5 27.fxg6 hxg6 28.Qf3 f6 29.Rbe1 Qd7+ 30.g4 dxc4 31.Qe4 Kf7 32.Nd4 Rh8+ 33.Kg2 Qb7 34.Qxb7 Nxb7 35.Nc6 Rhe8 36.Ne5+ Kg7 37.Nxc4 b5 38.Ne3 Rac8 39.Rb1 Nd6 40.a4 a6 41.axb5 axb5 42.Ra1 Ra8 43.Nd5 Kf7 44.Nb6 Rab8 45.Ra6 Rb7 46.Nd5 Rc8 47.Rf2 Rd8 48.Nb4 Rc7 49.Nd5 Rb7 50.Ne3 Rc7 51.h3 Rdd7 52.Rf1 Ra7 53.Rfa1 Rxa6 54.Rxa6 Rc7 55.Kf2 Rc8 56.Ra7 Ke6 57.Kf3 g5 58.Ra6 Rh8 59.Kg3 Rc8 60.Rb6 Ke5 61.h4 gxh4+ 62.Kxh4 Kd4 63.Nf5+ Nxf5+ 64.gxf5 Rxc2 65.Rxb5 Kxd3 66.Rb7 Ke4 67.Rxe7+ Kxf5 68.Kg3 Rc3+ 69.Kf2 Kf4 70.Re2 Rh3 71.Kg2 Rg3+ 72.Kf2

[Event "Campeonato de Chile 2009"]
[Site "Estadio Español"]
[Date "2009-02-18"]
[Round "7"]
[White "Mesias Rojas, Rabindranath"]
[Black "Rios Escobar, Adan Humberto"]
[Result "0-1"]
[WhiteElo "2269"]
[BlackElo "2280"]

 1.e4 g6 2.d4 Bg7 3.Nc3 c6 4.Be2 d5 5.e5 f6 6.f4 fxe5 7.fxe5 Nh6 8.Bg5 Nf7 9.h4 Nxg5 10.hxg5 c5 11.Qd3 Nc6 12.Rxh7 Bf5 13.Rxh8+ Bxh8 14.Qb5 cxd4 15.Qxb7 dxc3 16.Qxc6+ Kf8 17.bxc3 Bxe5 18.Rd1 e6 19.Nf3 Rc8 20.Qa6 Bxc3+ 21.Kf1 Qd7 22.Bb5 Qc7 23.Bd3 Kf7 24.Bxf5 gxf5 25.Rb1 Rb8 26.Rb3 Rxb3 27.axb3 Bg7 28.Qe2 Qf4 29.Qd3 Kg6 30.c4 d4 31.b4 e5 32.Qd2 Qxd2 33.Nxd2 e4 34.Nb3 d3 35.c5

[Event "Campeonato de Chile 2009"]
[Site "Estadio Español"]
[Date "2009-02-18"]
[Round "7"]
[White "García Cardenas, Pablo"]
[Black "Farfán Ortiz, Enrique Alfredo"]
[Result "1-0"]
[WhiteElo "2194"]
[BlackElo "2242"]

 1.e4 c5 2.Nf3 d6 3.d4 cxd4 4.Nxd4 Nf6 5.Nc3 e6 6.Be2 Be7 7.Be3 a6 8.a4 Nc6 9.O-O Qc7 10.f4 O-O 11.Nb3 b6 12.Bf3 Rb8 13.Qe2 Na5 14.Nxa5 bxa5 15.Nd1 Bb7 16.Nf2 Rfc8 17.Rfc1 d5 18.e5 Nd7 19.Ba7 Ra8 20.Bd4 Bc5 21.Qd2 Bxd4 22.Qxd4 Qb6 23.Qxb6 Nxb6 24.b3 Rc7 25.Kf1 Rac8 26.Ra2 Rc3 27.Rb2 f6 28.exf6 gxf6 29.Re1 Kf7 30.Bh5+ Ke7 31.Bg4 R8c6 32.Nd1 R3c5 33.c3 Bc8 34.Re3 Kd6 35.Rh3 f5 36.Be2 Rc7 37.Rh6 Rg7 38.Bd3 Kc7 39.Re2 Rc6 40.Re3 Kb7 41.Rg3 Rcc7 42.Kf2 Rxg3 43.hxg3 Re7 44.Ne3 Nd7 45.b4 axb4 46.cxb4 Nf8 47.g4 fxg4 48.Nxg4 Bd7 49.Be2 Ng6 50.g3 Rg7 51.Nf6 Nf8 52.g4 Kc7 53.g5 Bc6 54.Ke3 Kd6 55.Bd3 Rb7 56.Nxh7 Nxh7 57.Bxh7 Rxb4 58.g6 Rb3+ 59.Kf2 Rb2+ 60.Kg3 d4 61.Rh2 Rb1 62.Rd2 e5 63.fxe5+ Kxe5 64.Kf2 Rb7 65.a5 Rd7 66.Ke1 Kf4 67.Rf2+ Bf3 68.Kd2 Kg3 69.Rf1 Kg2 70.Re1 Bh5 71.Re6 Ra7 72.Kd3 Bg4 73.Rf6 Bh5 74.Rf5 Bd1 75.Rf7 Ra8 76.g7 Bb3 77.Be4+ Kg3 78.Rf3+

[Event "Campeonato de Chile 2009"]
[Site "Estadio Español"]
[Date "2009-02-18"]
[Round "7"]
[White "López Silva, Hugo Andres"]
[Black "Zapata Ferrada, Marco Eduardo"]
[Result "1/2-1/2"]
[WhiteElo "2376"]
[BlackElo "2375"]

 1.e4 d5 2.exd5 Nf6 3.c4 c6 4.d4 cxd5 5.Nc3 Nc6 6.Nf3 Bg4 7.cxd5 Nxd5 8.Qb3 Bxf3 9.gxf3 e6 10.Qxb7 Nxd4 11.Bb5+ Nxb5 12.Qc6+ Ke7 13.Qxb5 Qd7 14.Nxd5+ Qxd5 15.Qxd5 exd5 16.O-O Ke6 17.Re1+ Kf5 18.Rd1 Rd8 19.Be3 Rd7 20.Rd4 Be7 21.Rf4+ Kg6 22.Rg4+ Kf5 23.Rf4+ Kg6 24.Kh1 f6 25.Ra4 Rb8 26.b3 Rbb7 27.Rc1 Bb4 28.Rd1 Bc3 29.Kg2 Kf5 30.Rd3 Be5 31.Ra5 Ke6 32.f4 Bb2 33.f5+ Ke5 34.Kf3 g5 35.fxg6 hxg6 36.Rc5 Ke6

[Event "Campeonato de Chile 2009"]
[Site "Estadio Español"]
[Date "2009-02-19"]
[Round "8"]
[White "Arancibia Guzman, Eduardo"]
[Black "Zapata Ferrada, Marco Eduardo"]
[Result "1/2-1/2"]
[WhiteElo "2389"]
[BlackElo "2375"]

 1.d4 d5 2.Nf3 Nf6 3.c4 c6 4.Qc2 g6 5.Bf4 Bg7 6.e3 Bf5 7.Qb3 Qb6 8.c5 Qxb3 9.axb3 Bxb1 10.Rxb1 Nbd7 11.h3 O-O 12.b4 a5 13.b5 Ne4 14.Be2 e5 15.Nxe5 Nxe5 16.Bxe5 Bxe5 17.dxe5 cxb5 18.Bxb5 Rac8 19.Rc1 Nxc5 20.Ke2 Nb3 21.Rxc8

[Event "Campeonato de Chile 2009"]
[Site "Estadio Español"]
[Date "2009-02-19"]
[Round "8"]
[White "Farfán Ortiz, Enrique Alfredo"]
[Black "López Silva, Hugo Andres"]
[Result "0-1"]
[WhiteElo "2242"]
[BlackElo "2376"]

 1.d4 Nf6 2.c4 c5 3.d5 e6 4.Nc3 exd5 5.cxd5 d6 6.Nf3 g6 7.g3 Bg7 8.Bg2 O-O 9.O-O a6 10.a4 Re8 11.Nd2 Nbd7 12.h3 Nh5 13.Kh2 f5 14.f4 Rb8 15.e4 Nhf6 16.exf5 gxf5 17.Nc4 Nb6 18.Na3 Na8 19.Qd3 Qd7 20.Bd2 Ne4 21.Rfe1 Nxd2 22.Qxd2 Rxe1 23.Qxe1 Nc7 24.a5 b5 25.axb6 Rxb6 26.Nc4 Rb4 27.Qe2 Nb5 28.Nxb5 Qxb5 29.Re1 Rxc4 30.Qe8+ Qxe8 31.Rxe8+ Kf7 32.Rxc8 Bxb2 33.Rc6 a5 34.Rxd6 a4 35.Ra6 a3 36.d6 Rd4 37.Bb7 c4 38.Bc8 Rd3 39.Kh1 Rd5 40.g4 c3 41.Ra7+ Kf8 42.Ra8 Kg7 43.Ra7+ Kg8 44.Ra8 Kg7 45.Ra7+ Kh6 46.Bxf5 Rxf5 47.gxf5 c2 48.Rc7 a2

[Event "Campeonato de Chile 2009"]
[Site "Estadio Español"]
[Date "2009-02-19"]
[Round "8"]
[White "Rios Escobar, Adan Humberto"]
[Black "García Cardenas, Pablo"]
[Result "0-1"]
[WhiteElo "2280"]
[BlackElo "2194"]

 1.e4 Nf6 2.e5 Nd5 3.d4 d6 4.Nf3 Bg4 5.Be2 e6 6.O-O Be7 7.Re1 O-O 8.exd6 cxd6 9.c4 Nb6 10.h3 Bh5 11.Be3 Nc6 12.Nbd2 Rc8 13.Rc1 f5 14.Nb3 f4 15.Bd2 e5 16.dxe5 dxe5 17.Nh2 Bf7 18.Na5 Nxa5 19.Bxa5 Qxd1 20.Rcxd1 Nxc4 21.Bxc4 Rxc4 22.Rxe5 Bf6 23.Re2 b6 24.b3 Rc6 25.Bb4 Rd8 26.Rxd8+ Bxd8 27.Ng4 Rc1+ 28.Kh2 Bc7 29.f3 Bg6 30.Ne5 Rc2 31.Rxc2 Bxc2 32.Nc6 Bb1 33.a3 a5 34.Bc3 Kf7 35.Be5 Bxe5 36.Nxe5+ Ke6 37.Nc4 Ba2 38.Nd2 Kd5 39.b4 a4 40.Ne4 Kc4 41.b5 Kb3 42.Nc5+ Kxa3 43.Nd7 Kb4

[Event "Campeonato de Chile 2009"]
[Site "Estadio Español"]
[Date "2009-02-19"]
[Round "8"]
[White "Elias Valenzuela, Arturo"]
[Black "Mesias Rojas, Rabindranath"]
[Result "1/2-1/2"]
[WhiteElo "2112"]
[BlackElo "2269"]

 1.d4 Nf6 2.c4 g6 3.Nc3 Bg7 4.e4 d6 5.Nf3 O-O 6.Be2 e5 7.O-O Nc6 8.d5 Ne7 9.Ne1 Nd7 10.f3 f5 11.g4 Kh8 12.h4 Ng8 13.g5 h6 14.Kg2 f4 15.Rh1 Rf7 16.Nd3 Bf8 17.Qg1 hxg5 18.hxg5+ Rh7 19.Rxh7+ Kxh7 20.Qh2+ Kg7 21.Kf2 Be7 22.Bxf4 exf4 23.Nxf4 Ne5 24.Rh1 Kf8 25.Ne6+ Bxe6 26.dxe6 c6 27.f4 Bxg5 28.fxe5 dxe5 29.Qxe5 Qf6+ 30.Qxf6+ Bxf6 31.Rd1 Rd8 32.Rd7 Rxd7 33.exd7 Ke7 34.Nd1 Kxd7 35.b3 Kd6 36.Kf3 c5 37.Kf4 Bd4 38.Bg4 Ne7 39.Bh3 Nc6 40.Bg4 b6 41.a3 Na5 42.Kg5 Ke5 43.Kxg6 Kxe4 44.Bf5+ Kf3 45.Kf7 Ke2 46.Bg4+ Kd2 47.b4 Nxc4 48.Ke6 Nxa3 49.Kd5 Nc2 50.bxc5 Bxc5 51.Kc4 Bd4 52.Bh5 a6 53.Kb3 Kc1 54.Nc3 Bxc3 55.Kxc3 a5 56.Be8 Ne1 57.Kc4 Kb2 58.Kb5 Kb3 59.Kxb6 Kb4 60.Ka6 Nd3 61.Kb6 Nc5 62.Bc6 Ne6 63.Be8 Nd4 64.Bd7 Ne2 65.Bb5 Nc3 66.Bc6 Na4+ 67.Ka6 Nb2 68.Bb5 Nd1 69.Be8 Nc3 70.Bc6 Ne2 71.Bb5 Nf4 72.Bc6 Ne6 73.Kb6 Nc5 74.Be8 Na4+ 75.Ka6 Nc3 76.Bc6 Ne2 77.Bb5 Nf4 78.Bc6 Ne6 79.Kb6

[Event "Campeonato de Chile 2009"]
[Site "Estadio Español"]
[Date "2009-02-19"]
[Round "8"]
[White "Cuevas Araya, Walter"]
[Black "Llorens Sepulveda, Marcelo"]
[Result "0-1"]
[WhiteElo "2182"]
[BlackElo "2353"]

 1.e4 c5 2.Nf3 Nc6 3.d4 cxd4 4.Nxd4 Nf6 5.Nc3 d6 6.Bg5 e6 7.Qd2 a6 8.a4 Be7 9.Nxc6 bxc6 10.Bd3 e5 11.O-O O-O 12.a5 h6 13.Be3 d5 14.Bb6 Qd6 15.f4 dxe4 16.fxe5 Qxe5 17.Rxf6 Bxf6 18.Bxe4 Rb8 19.Re1 Qg5 20.Qxg5 Bxg5 21.Bxc6 Bb7 22.Bd7 Bc8 23.Bc6 Bf5 24.Re2 Rfc8 25.Bd5 Bf6 26.Ne4 Bxb2 27.Nd6 Rxc2 28.Bxf7+ Kh8 29.Rxc2 Bxc2 30.Bc4 Bc3 31.Bxa6 Bxa5 32.Bxa5 Ra8 33.Nf7+ Kh7 34.Be2 Rxa5 35.Nd6 Ra1+ 36.Kf2 g6 37.Nc4 Be4 38.Nd6 Bd5 39.Nb5 Kg7 40.Nc3 Bc6 41.h3 Kf6 42.Bf1 Ke5 43.g3 Rc1 44.Ne2 Rc2 45.Ke1 Bb5 46.Kf2 Bxe2 47.Bxe2 Ke4 48.Kf1 Ke3 49.Bg4 h5 50.Bd1 Rc1 51.Ke1 g5

[Event "Campeonato de Chile 2009"]
[Site "Estadio Español"]
[Date "2009-02-19"]
[Round "8"]
[White "Alarcon Bahamondes, Roberto"]
[Black "Silva Sanchez, Carlos"]
[Result "1/2-1/2"]
[WhiteElo "2116"]
[BlackElo "2388"]

 1.d4 d5 2.c4 c6 3.Nc3 Nf6 4.Nf3 e6 5.e3 Nbd7 6.Qc2 Be7 7.Bd3 dxc4 8.Bxc4 Nd5 9.O-O O-O 10.e4 Nxc3 11.bxc3 c5 12.Rd1 cxd4 13.cxd4 Qc7 14.Bd3

[Event "Campeonato de Chile 2009"]
[Site "Estadio Español"]
[Date "2009-02-20"]
[Round "9"]
[White "Silva Sanchez, Carlos"]
[Black "Arancibia Guzman, Eduardo"]
[Result "0-1"]
[WhiteElo "2388"]
[BlackElo "2389"]

 1.e4 c5 2.Nf3 d6 3.d4 cxd4 4.Nxd4 Nf6 5.Nc3 Nc6 6.Be2 e5 7.Nb3 Be7 8.O-O O-O 9.Kh1 a5 10.a4 Be6 11.Bf3 Nb4 12.Re1 Rc8 13.Nd2 Qb6 14.Nf1 Qxf2 15.Ne3 Qh4 16.Bd2 Rfd8 17.g3 Qh3 18.Ncd5 Bxd5 19.exd5 h5 20.Rf1 g6 21.Bxb4 axb4 22.Qd2 Ng4 23.Bxg4 hxg4 24.Qxb4 Bg5 25.Nc4 f5 26.b3 Rc7 27.Qe1 Rh7 28.Qf2 f4 29.Kg1 Kg7 30.Rad1 f3 31.Rd2 Bxd2

[Event "Campeonato de Chile 2009"]
[Site "Estadio Español"]
[Date "2009-02-20"]
[Round "9"]
[White "Llorens Sepulveda, Marcelo"]
[Black "Alarcon Bahamondes, Roberto"]
[Result "1-0"]
[WhiteElo "2353"]
[BlackElo "2116"]

 1.e4 c5 2.Nf3 Nc6 3.Bb5 e6 4.O-O Nge7 5.c3 a6 6.Ba4 b5 7.Bc2 Bb7 8.d3 d5 9.Nbd2 Ng6 10.Re1 Be7 11.exd5 Qxd5 12.Ne4 Rd8 13.Qe2 O-O 14.Be3 Nce5 15.Nxe5 Nxe5 16.f4 Ng6 17.Rf1 Nh4 18.Rf2 Nf5 19.Bd2 Bh4 20.Rf3 Nd6 21.Nxd6 Rxd6 22.Rh3 Be7 23.Be3 g6 24.d4 c4 25.Re1 Rb6 26.a3 b4 27.axb4 a5 28.Bc1 axb4 29.Qf2 bxc3 30.bxc3 Bf6 31.Rhe3 Ra8 32.f5 exf5 33.Re8+ Kg7 34.Qd2 f4 35.Rxa8 Bxa8 36.Be4 Qd8 37.Bxa8 Qxa8 38.Qxf4 Re6 39.Rxe6 fxe6 40.Qc7+ Kg8 41.Qxc4 Qe4 42.Qf1 Bg7 43.Bd2 Qd5 44.Qf3 Qc4 45.Kf2 e5 46.Qa8+ Kf7 47.Qa7+ Kg8 48.Qc5 Qd3 49.Qd5+ Kf8 50.Qf3+ Qxf3+ 51.Kxf3 exd4 52.c4 Ke7 53.Ke4 Kd6 54.Bb4+ Kc6 55.Ba3 Bf6 56.g4 Bg7 57.g5 Bh8 58.Bf8 Kd7 59.Bc5 d3 60.Kxd3 Be5 61.h3 Ke6 62.Ke4 Bc7 63.Be3 Bd8 64.c5 Be7 65.Kd4 Bd8 66.Kc4 Bc7 67.Kb5 Kf5 68.Kc6 Bg3 69.Kd7 Ke4 70.Bc1 Kf3 71.c6 Kg2 72.c7 Bxc7 73.Kxc7 Kxh3 74.Kd7

[Event "Campeonato de Chile 2009"]
[Site "Estadio Español"]
[Date "2009-02-20"]
[Round "9"]
[White "Mesias Rojas, Rabindranath"]
[Black "Cuevas Araya, Walter"]
[Result "1-0"]
[WhiteElo "2269"]
[BlackElo "2182"]

 1.e4 c6 2.d4 d5 3.e5 Bf5 4.Be3 e6 5.Nf3 Nd7 6.Be2 Ne7 7.O-O c5 8.dxc5 Nc6 9.c4 dxc4 10.Na3 Nxc5 11.Nxc4 Be7 12.Bxc5 Bxc5 13.Qb3 O-O 14.Qxb7 Be4 15.Rfd1 Bd5 16.Qb5 Qe7 17.Rac1 Rab8 18.Qa4 Rfc8 19.a3 a5 20.Qc2 h6 21.h3 Qa7 22.Rf1 Nd4 23.Nxd4 Bxd4 24.b3 Bxe5 25.a4 Bf4 26.Rcd1 Qc7 27.f3 Qb7 28.Rb1 Qa7+ 29.Kh1 Qe7 30.Bd3 Qh4 31.Qf2 Bg3 32.Qe2 Bc7 33.Qf2 Qf4 34.g3 Qxg3 35.Qxg3 Bxg3 36.Nxa5 Rc3 37.Be4 Bxe4 38.fxe4 Bc7 39.b4 Rxh3+ 40.Kg2 Ra3 41.Nc6 Rb6 42.Ne7+ Kf8 43.a5 Rb5 44.Nc6 Rg5+ 45.Kf2 Rh5 46.e5 Rh2+ 47.Kg1 Rc2 48.Rf2 Rac3 49.Rxc2 Rxc2 50.b5 Rc5 51.Kf2 Ke8 52.a6 Bb6 53.a7 Bxa7 54.Nxa7 Rc7 55.b6 Rb7 56.Nc6 Kd7 57.Na5 Rb8 58.Rd1+ Kc8 59.Rd6 f6 60.exf6 gxf6 61.Rxe6 Kd7 62.Rxf6 Ra8 63.b7 Rb8 64.Rxh6 Rf8+ 65.Ke3 Kc7 66.Kd4 Kb8 67.Ra6 Kc7 68.Ra8 Rb8 69.Kc5

[Event "Campeonato de Chile 2009"]
[Site "Estadio Español"]
[Date "2009-02-20"]
[Round "9"]
[White "García Cardenas, Pablo"]
[Black "Elias Valenzuela, Arturo"]
[Result "1-0"]
[WhiteElo "2194"]
[BlackElo "2112"]

 1.e4 Nf6 2.e5 Nd5 3.c4 Nb6 4.d4 d6 5.exd6 cxd6 6.Nc3 g6 7.Be3 Bg7 8.Rc1 O-O 9.b3 e5 10.dxe5 dxe5 11.Qxd8 Rxd8 12.c5 N6d7 13.Nf3 Nf8 14.Nb5 Nc6 15.Nd6 Rd7 16.Bc4 h6 17.O-O Re7 18.Rfd1 Be6 19.Bb5 Nb4 20.a3 Na2 21.c6 Nxc1 22.cxb7 Rxb7 23.Nxb7 Nxb3 24.Rd8 Rxd8 25.Nxd8 Nd4 26.Bxd4 exd4 27.Nc6 Bd7 28.Nfxd4 Bf6 29.Kf1 Kg7 30.Ke2 Bc8 31.Nxa7 Bxd4 32.Nxc8 Ne6 33.a4 Bc3 34.Ne7 Kf8 35.Nc6 Nc7 36.Kd3 Be1 37.f3 Bf2 38.Kc4 Bg1 39.h3 g5 40.a5 Kg7 41.Nb4 h5 42.Bd7 Kg6 43.Nd5

[Event "Campeonato de Chile 2009"]
[Site "Estadio Español"]
[Date "2009-02-20"]
[Round "9"]
[White "López Silva, Hugo Andres"]
[Black "Rios Escobar, Adan Humberto"]
[Result "1-0"]
[WhiteElo "2376"]
[BlackElo "2280"]

 1.e4 g6 2.d4 Bg7 3.Nf3 c6 4.c3 d6 5.Bc4 Nf6 6.e5 Nd5 7.O-O O-O 8.Nbd2 Nc7 9.h3 a5 10.a4 Nd7 11.Qe2 dxe5 12.dxe5 Nb6 13.Bb3 Ne6 14.Nc4 Nd5 15.Nh2 b6 16.f4 Nc5 17.Bc2 Ba6 18.f5 Bxc4 19.Qxc4 Bxe5 20.Ng4 Bf6 21.Nh6+ Kh8 22.h4 Qd6 23.Qg4 Nd7 24.fxg6 fxg6 25.h5 Ne5 26.Qh3 Bg7 27.Bg5 Bxh6 28.Bxh6 Rxf1+ 29.Rxf1 Kg8 30.hxg6 hxg6 31.Re1 Qf6 32.Rf1 Qd6 33.Re1 Kf7 34.Qg3 Rh8 35.Qg5 Qc5+ 36.Kf1 Qc4+ 37.Kg1 Qc5+ 38.Kf1 Rxh6 39.Qxh6 Nf6 40.Qe3 Qc4+ 41.Kg1 Nfg4 42.Qxb6 Kg7 43.Qd4 Qe6 44.Bd1 c5 45.Bxg4

[Event "Campeonato de Chile 2009"]
[Site "Estadio Español"]
[Date "2009-02-20"]
[Round "9"]
[White "Zapata Ferrada, Marco Eduardo"]
[Black "Farfán Ortiz, Enrique Alfredo"]
[Result "1/2-1/2"]
[WhiteElo "2375"]
[BlackElo "2242"]

 1.Nf3 Nf6 2.d4 b6 3.c4 e6 4.g3 Bb7 5.Bg2 c5 6.d5 exd5 7.Nh4 g6 8.Nc3 Bg7 9.O-O O-O 10.cxd5 d6 11.e4 Re8 12.Re1 Na6 13.f4 Nd7 14.Nf3 c4 15.Nd4 Nac5 16.Bf1 Nd3 17.Nc6 Bxc6 18.Bxd3 cxd3 19.dxc6 Nc5 20.Bd2 a5 21.Nd5 Rc8 22.c7 Rxc7 23.Nxc7 Qxc7 24.Qc1 Bd4+ 25.Be3 Bxe3+ 26.Rxe3 Qb7 27.Qc3 h5 28.Rae1 Qc8 29.Qd4

[Event "Campeonato de Chile 2009"]
[Site "Estadio Español"]
[Date "2009-02-21"]
[Round "10"]
[White "Arancibia Guzman, Eduardo"]
[Black "Farfán Ortiz, Enrique Alfredo"]
[Result "1-0"]
[WhiteElo "2389"]
[BlackElo "2242"]

 1.e4 c5 2.Nf3 d6 3.c3 Nf6 4.Be2 Nbd7 5.d3 b6 6.O-O Bb7 7.Nbd2 g6 8.Ng5 h6 9.Nh3 Bg7 10.f4 O-O 11.f5 g5 12.Nf2 d5 13.h4 gxh4 14.Qe1 Qc7 15.exd5 Bxd5 16.Nfe4 h3 17.Qh4 hxg2 18.Rf2 Qe5 19.Nc4 Bxc4 20.Bxh6 Bxh6 21.Qxh6 Ne8 22.Rxg2+ Ng7 23.f6